ბათუმის შოთა რუსთაველის სახელმწიფო უნივერსიტეტის ბიბლიოთეკა

ჩვენ ნიჭიერები ვართ (ბიბ.ჩანაწერი № 43415)

000 -LEADER
fixed length control field 00821nam a2200217Ia 4500
001 - CONTROL NUMBER
control field 10144
003 - CONTROL NUMBER IDENTIFIER
control field GE_BSU
008 - FIXED-LENGTH DATA ELEMENTS--GENERAL INFORMATION
fixed length control field 181216s||||||||xx |||||||||||||| ||und||
040 ## - CATALOGING SOURCE
Transcribing agency GE_BSU
080 ## - UNIVERSAL DECIMAL CLASSIFICATION NUMBER
Universal Decimal Classification number 821.353.1-7
100 ## - MAIN ENTRY--PERSONAL NAME
Personal name სამსონია,ალექსანდრე
245 ## - TITLE STATEMENT
Title ჩვენ ნიჭიერები ვართ
245 ## - TITLE STATEMENT
Remainder of title იუმორისტული მოთხრობები
245 ## - TITLE STATEMENT
Statement of responsibility, etc. რედ:შ.ქურიძე;მხატვ:ა.ებრალიძე.
260 ## - PUBLICATION, DISTRIBUTION, ETC.
Place of publication, distribution, etc. ბათუმი.
260 ## - PUBLICATION, DISTRIBUTION, ETC.
Name of publisher, distributor, etc. საბჭ.საქართველო
260 ## - PUBLICATION, DISTRIBUTION, ETC.
Date of publication, distribution, etc. 1968
300 ## - PHYSICAL DESCRIPTION
Extent 170გვ;19სმ.
653 ## - INDEX TERM--UNCONTROLLED
Uncontrolled term ჩვენ ნიჭიერები ვართ:იუმორისტული მოთხრობები
942 ## - ADDED ENTRY ELEMENTS (KOHA)
Koha item type წიგნი
ეგზემპლარები
Withdrawn status Lost status Damaged status Not for loan Date acquired Barcode Date last seen Price effective from Koha item type
        2018-12-17 33623 2018-12-17 2018-12-17 წიგნი
        2018-12-17 33624 2018-12-17 2018-12-17 წიგნი